000 00549nam a2200181Ia 4500
003 GCL
008 140319s9999 xx 000 0 ara d
040 _aGCL /
_cGCL
082 0 4 _a218
_bم ا
100 1 _aمحسن جابر الموسوى
245 1 0 _aالاستشراق فى الفكر العربى /
_cمحسن جابر الموسوى
300 _a206 ص
490 _a
650 0 4 _aالفلسفة الاسلامية
650 0 4 _aالاستشراق والمستشرقون
650 0 4 _aالاسلام والسياسة
942 _2ddc
_cBK
999 _c40651
_d40651